000 00467nam a22001697a 4500
003 CEME
005 20210628203711.0
008 210324b xxu||||| |||| 00| 0 eng d
020 _a1-566619-067-
040 _c.
082 _a940.53 TWE'B
100 _aPallavisini , Salmaggi, Cesare
_966914
245 _a2194 days of war , an illustrated chronology of the second world war
260 _aNEWYORK
_bBARNES & NOBLE
_c1988
300 _a760P,ILL
942 _cBK
_2ddc
999 _c574776
_d574776